Представление документа в формате RUSMARC

ПолеНазваниеЗначение
  Тип записи a
  Библиографический уровень a
001 Контрольный номер RU/УОНБ/EK_Kray/345036170
005 Дата корректировки 20220304200116.9
100 Данные общей обработки __
a Данные общей обработки 20101207d2010 ||| 0rusy0189 ca
101 Язык документа 0_
a Язык текста rus
102 Страна публикации __
a Страна публикации RU
105 Кодированные данные (монография) __
a Кодированные данные (монография) y###||||000|y
200 Заглавие и сведения об ответственности 1_
a Заглавие "Мне рай у книжный полок"
e Сведения, относящиеся к заглавию беседа с ульяновской поэтессой Е. Кувшинниковой
f Первые сведения об ответственности Елена Кувшинникова
g Последующие сведения об ответственности записала Л. Дягилева
215 Физическое описание __
c Иллюстрации/тип воспроизводства 1 портр.
225 Серия 1_
a Серия Поговорим о...
330 Аннотация __
a Аннотация О работе в Центральной городской библиотеке в 1990-е гг.
461 Уровень набора _0
1 2000
a Новая библиотека
1 011
463 Уровень физической единицы _0
1 001RU/УОНБ/EK_Kray/345035699
1 2000
a № 20
v С. 34-36
1 210
d 2010
600 Персоналии _1
a Персоналии (Фамилия) Кувшинникова, Елена
601 Наименование организации как предмет 02
a Наименование организации как предмет Центральная городская библиотека имени И. А. Гончарова
610 Ключевые слова 0_
a Ключевые слова городская библиотека; поэтесса; поэты Ульяновска
686 Индексы других классификаций __
a Классификационный индекс 83.3-8
a Классификационный индекс 78.340.671.33
2 Код системы rubbk
700 Автор _1
a Фамилия Кувшинникова
b Имя (инициалы) Е.
g Полное личное имя Елена
4 Код отношения 460
702 Вторичная интеллектуальная ответственность _1
a Фамилия Дягилева
b Имя (инициалы) Л.
4 Код отношения 470
801 Источник записи _0
a Страна RU
b Организация Ульяновская ОНБ
c Дата составления 20101207
g Правила каталогизации RCR
801 Источник записи _1
a Страна RU
b Организация IS
c Дата составления 20101207
g Правила каталогизации RCR
901 Тип документа __
t Тип документа b
w Контрольный № источника RU/УОНБ/EK_Kray/345035699
938 Служебная информация __
a Имя БД kraeved_work
b Имя библиотеки УОНБ
c Имя АИБС МАРК-SQL
d Номер DOC_ID в БД 72491